Sports Quiz

Random Sports or NBA Quiz

Big 12 to NBA/ABA Quiz Stats

 Plays Quiz not verified by Sporcle

Score 0/19 Timer 08:00
0 Plays Today
Points Player % Correct
31419Wilt Chamberlain
89.7%
20132Paul Pierce
79.4%
14197Chauncey Billups
76.3%
12367Danny Manning
63.9%
12878Wayman Tisdale
46.4%
20497Mitch Richmond
42.3%
11825Vinnie Johnson
35.1%
14399Jo Jo White
30.9%
11962Mookie Blaylock
25.8%
17623Rolando Blackman
21.6%
Points Player % Correct
15659Jeff Hornacek
21.6%
11947Clyde Lovellette
13.4%
13910Alvan Adams
12.4%
11842David Wesley
8.2%
12964Bob Boozer
6.2%
10829John Starks
4.1%
10581Dave Robisch
3.1%
11916Scott Wedman
2.1%
11012Bill Bridges
2.1%

You're not logged in!

Compare scores with friends on all Sporcle quizzes.
OR
Log In

Show Comments

Extras

Top Quizzes Today


Score Distribution

Your Account Isn't Verified!

In order to create a playlist on Sporcle, you need to verify the email address you used during registration. Go to your Sporcle Settings to finish the process.

Report this User

Report this user for behavior that violates our Community Guidelines.

Details: